Strategic Management <A> Choice Approach

Gespeichert in:
Bibliographische Detailangaben
1. Verfasser: Montanari, John R.
Weitere Verfasser: Morgan, Cyril P., Bracker, Jeffrey S.
Format: Buch
Sprache:Englisch
Veröffentlicht: Chicago Dryden Press 1990
Ausgabe:1. ed.
Schlagworte:
Tags: Tag hinzufügen
Keine Tags, Fügen Sie das erste Tag hinzu!

MARC

LEADER 00000nam a2200000 4500
001 c005109
005 20221206122727.5
020 |a 0-03-008857-7 
041 0 |a eng 
044 |a US 
245 1 0 |a Strategic Management  |b <A> Choice Approach  |c John R. Montanari, Cyril P. Morgan, Jeffrey S. Bracker 
250 |a 1. ed. 
264 1 |a Chicago  |b Dryden Press  |c 1990 
300 |a 1102 s. 
610 2 0 |a manažment 
610 2 0 |a stratégia hospodárska 
610 2 0 |a vývoj 
610 2 0 |a plánovanie 
610 2 0 |a rozpočet kapitálový 
610 2 0 |a kontrola 
610 2 0 |a štruktúra organizačná 
610 2 0 |a manažment strategický 
100 1 |a Montanari, John R. 
700 1 |a Morgan, Cyril P. 
700 1 |a Bracker, Jeffrey S.